000 00624nam a2200241 a 4500
999 _c5594
_d5594
001 5594
003 BD-JhCC
005 20180305194848.0
008 171218s19581961e a|||| || | 000 0 eng d
035 _a(BD-JhCC)5594
040 _aBD-JhCC
_dBD-JhCC
041 _aeng
082 _a914.7
_bHER 1961
100 _aHerdman, T.
245 _aLongmans colour geographies Contrasts in Russia unite 8 /
_cT. Herdman, M. Sc.
250 _a3rd ed.
260 _aLondon :
_bLongmans,
_c1961.
300 _a40 p. :
_bill. ;
_c20 cm.
650 _aStudy skills
_zRussia
650 _aTravel
942 _2ddc
_cBK